Taylor Swift - Every Times She Mentions “Midnight” In Her Songs - Statistics

General Stats
  • This quiz has been taken 47 times
  • The average score is 8 of 10
Answer Stats
Hint Answer % Correct
“Midnight. You come and pick me up, no headlights” Style
96%
“He was sunshine, I was ________ _____” Midnight Rain
93%
“It feels like a perfect night for breakfast at midnight 22
89%
“Midnights become my afternoons” Anti-Hero
81%
“Meet me at midnight” Lavender Haze
81%
“I want your midnights” New Year’s Day
74%
“Let the only flashing lights be the tower at midnight” Paris
67%
“Small talk, he drives. Coffee at midnight” You Are in Love
63%
“Pacing the rocks, staring out at the midnight sea” The Last Great American Dynasty
59%
“From the dress I wore at midnight, leave it all behind” Happiness
52%
No matching quizzes found
Score Distribution
Percent of People with Each Score
Percentile by Number Answered
Your Score History
You have not taken this quiz